Biggest North American "S" Cities by Picture - Statistics

General Stats
  • This quiz has been taken 47 times
  • The average score is 10 of 16
Answer Stats
Picture Hint Answer % Correct
🇺🇸 760 000 Seattle
100%
🇺🇸 1 390 000 San Diego
98%
🇺🇸 810 000 San Francisco
98%
🇨🇷 1 450 000 San José
93%
🇺🇸 970 000 San Jose
93%
🇺🇸 1 500 000 San Antonio
86%
🇩🇴 2 580 000 Santo Domingo
86%
🇺🇸 530 000 Sacramento
73%
🇨🇺 430 000 {Santiago} de Cuba
70%
🇵🇷 320 000 San Juan
64%
🇲🇽 850 000 {San Luis} Potosí
52%
🇭🇳 700 000 San Pedro Sula
20%
🇺🇸 320 000 Stockton
20%
🇲🇽 860 000 Saltillo
14%
🇩🇴 550 000 Santiago de los {Caballeros}
14%
🇲🇽 410 000 {San Nicolás} de los Garza
0%
No matching quizzes found
Score Distribution
Percent of People with Each Score
Percentile by Number Answered
Your Score History
You have not taken this quiz